000 01275nam a2200373Ia 4500
001 dia_5957
003 CHAP
005 20251021160937.0
008 220117s2014 xx 000 0 und d
010 _a177090
020 _a978-607-07-2309-4 (v.1) \ 978-607-07-2395-7 (v.2) \ 978-607-07-2449-7 (v.3)
040 _cCHAP
082 _a808.838762 L69 G58 2014
100 _aLowry, Lois
_9160165
245 _aThe giver /
_c Lois Lowry : traducción Eloy Pineda...[et al.]
260 _aMéxico :
_b Planeta Mexicana,
_c2014
300 _a4 v.
440 _aDestino
_9160166
500 _aTítulo original: The giver (v.1) ; Gatheing blue (v.2) ; Messenger (v.3)
503 _aC.
505 _av.El dador de recuerdos \ v.2. En busca del azul \ v.3. El mensajero
590 _aPS3562.O923 G58 2014
650 _aAmerican literature
_x21st century
_9153959
650 _aFiction
_9152751
650 _aLibertad
_xNovela
_9160167
650 _aLiberty
_xFiction
_9160168
650 _aLiteratura americana
_xSiglo XXI
_9153678
650 _aNovela
_982011
700 _aPineda, Eloy, tr.
_9160169
901 _a808.838762 L69 G58 2014
902 _aM
905 _a5222272014 mx x 9222223332spa16
942 _cLIBRO
_2ddc
999 _c177090
_d177090